El fluido de la información genética /
Guardado en:
| Autor Principal: | |
|---|---|
| Formato: | Libro |
| Publicado: |
Buenos Aires :
Eudeba,
1997
|
| Series: | Cuadernos de Biología ; 5
|
| Materias: | |
| Etiquetas: |
Agregar Etiqueta
Sin Etiquetas, Sea el primero en etiquetar este registro!
|
| LEADER | 00939nam a22002415a 4500 | ||
|---|---|---|---|
| 001 | CEM.cems016414 | ||
| 005 | 20090917171835.0 | ||
| 008 | 130507s1997##################000#0#####d | ||
| 003 | CEMS | ||
| 020 | |a 9502306470 | ||
| 082 | 0 | 4 | |a 574 |
| 100 | 1 | |a Capozzo, A. | |
| 245 | 1 | 0 | |a El fluido de la información genética / |c A. Capozzo y A. Fernández |
| 260 | |a Buenos Aires : |b Eudeba, |c 1997 | ||
| 300 | |a 52 p. | ||
| 490 | 0 | |a Cuadernos de Biología ; 5 | |
| 505 | 0 | |a Ciclo celular -- ¿Cómo fluye la información genética? -- Replicación del ADN -- Transcripción -- Traducción -- Código genético -- Mutaciones -- Regulación -- Ingeniería genética | |
| 653 | |a Biología | ||
| 653 | |a Genética | ||
| 653 | |a Adn | ||
| 859 | |a CEMS |b BIB. CEMS - Agricultura |h 574 |i C173 |p A19720.98 |t Ej.1 |v 5 |3 5 | ||
| 859 | |a CEMS |b BIB. CEMS - 11 de abril |h 574 |i C176 |p 20175.98 |t Ej.1 |v 5 |3 5 | ||
| 859 | |a CEMS |b BIB. CEMS - 11 de abril |h 574 |i C176 |p 20176.98 |t Ej.2 |v 5 |3 5 | ||
